| 000 | 00508nam a2200193Ia 4500 | ||
|---|---|---|---|
| 003 | GCL | ||
| 008 | 140319s9999 xx 000 0 aGer d | ||
| 040 |
_aGCL / _cGCL |
||
| 082 | 0 | 4 |
_a720.92 _bE Q |
| 100 | 1 | _aECONOMABIS, RICHARD | |
| 245 | 1 | 0 |
_aQUINLAN TERRY: SELECTED WORK / _cECONOMABIS, RICHARD |
| 260 |
_a[S.N] : _bACADEMY EDITIONS ، _c1993 |
||
| 300 | _a142 P | ||
| 650 | 0 | 4 | _aARCHITECTURE |
| 650 | 0 | 4 | _aARCHITECTS |
| 650 | 0 | 4 | _aMODERN ARCHITECTURE |
| 650 | 0 | 4 | _aTERRY, QUINLAN |
| 942 |
_2ddc _cBK |
||
| 999 |
_c11518 _d11518 |
||